|
|
|
|
| LEADER |
00000nab a2200000 ar4500 |
| 001 |
vtls010648763 |
| 003 |
SK-MaSNL |
| 005 |
20260303213304.0 |
| 008 |
150122c2014 xo sr|p|||||||000 b|slo |
| 038 |
|
|
|a PPPK
|
| 040 |
|
|
|a PPPKCL
|b slo
|c PPPKCL
|e AACR2
|
| 041 |
0 |
|
|a slo
|
| 044 |
|
|
|a xo
|c SK
|
| 080 |
|
|
|a 625.712.63
|2 2001
|
| 080 |
|
|
|a 336.23
|2 2001
|
| 100 |
1 |
|
|a Humeník, Pavol,
|d 1963-
|4 aut
|9 240569
|
| 245 |
1 |
0 |
|a Práce na novom parkovacom systéme už prebiehajú
|c Pavol Humeník
|
| 300 |
|
|
|b Fotogr.
|
| 650 |
0 |
7 |
|a parkovacie plochy pre motorové vozidlá
|2 pppkcl
|9 250389
|
| 650 |
0 |
7 |
|a poplatky
|2 pppkcl
|9 2335
|
| 650 |
0 |
7 |
|a parkovacie systémy
|2 pppkcl
|9 1091898
|
| 651 |
|
7 |
|a Kežmarok (Slovensko)
|2 pppkcl
|9 26808
|
| 773 |
0 |
|
|t Kežmarok
|g Roč. XXII, č. 24 (2014), s. 3
|
| 852 |
|
|
|a PPPK
|b KIS3GCP
|
| 856 |
4 |
1 |
|u http://www.kezmarok.sk/obcan/clanky/noviny_kezmarok_archiv-110.htm
|
| 999 |
|
|
|c 2211413
|d 2213343
|